[Event "Coppa del Mondo FIDE 2025"]
[Site "Goa"]
[Date "05.11.2025"]
[Round "1B"]
[White "Harikrishna, Pentala"]
[Black "Nesterov, Arseniy"]
[Result "1-0"]
[WhiteElo "2697"]
[BlackElo "2584"]
[EventDate "2025.11.01"]
[EventType "k.o."]

1. e4 e5 2. Nf3 Nf6 3. d4 Nxe4 4. dxe5 Bc5 5. Qd5 Bxf2+ 6. Ke2 f5 7. Nc3 c6
8. Nxe4 cxd5 9. Nd6+ Kf8 10. Kxf2 Nc6 11. Be3 d4 12. Bf4 Qb6 13. Bd3 Ne7
14. Bd2 Nd5 15. Bxf5 Ne3 16. Bd3 Ke7 17. Rhe1 Rf8 18. Rxe3 dxe3+ 19. Bxe3
Rxf3+ 20. Kxf3 Qxb2 21. Bg5+ Ke6 22. Re1 b5 23. Bf5+ Kd5 24. Be4+ Ke6 25.
Bxa8 Qc3+ 26. Re3 Qxc2 27. Be4 Qd1+ 28. Kg3 Qh5 29. h4 1-0

[Event "Coppa del Mondo FIDE 2025"]
[Site "Goa"]
[Date "05.11.2025"]
[Round "1B"]
[White "Suleymenov, Alisher"]
[Black "Van Foreest, Jorden"]
[Result "0-1"]
[WhiteElo "2491"]
[BlackElo "2697"]
[EventDate "2025.11.01"]
[EventType "k.o."]

1. d4 Nf6 2. c4 g6 3. Nc3 Bg7 4. e4 d6 5. Be2 O-O 6. Nf3 Na6 7. O-O e5 8.
Re1 exd4 9. Nxd4 Nc5 10. Bf1 Ne6 11. Be3 Nxd4 12. Bxd4 c5 13. Bxf6 Bxf6 14.
Qd2 Be6 15. Rad1 Be5 16. f4 Bd4+ 17. Kh1 a6 18. Bd3 Re8 19. f5 Bd7 20. Ne2
Be5 21. Ng1 gxf5 22. exf5 Qf6 23. Rb1 Bd4 24. Nf3 Rxe1+ 25. Rxe1 Bxb2 26.
Rb1 Bc3 27. Qc2 b5 28. cxb5 axb5 29. Bxb5 Bxf5 30. Bd3 Bxd3 31. Qxd3 Rxa2
32. Qc4 Ra1 33. Qg4+ Qg6 34. Qc8+ Kg7 35. Rxa1 Bxa1 36. h3 Qb1+ 37. Kh2 Qe4
38. Qd8 Be5+ 39. Kg1 Qe3+ 40. Kf1 Bg3 41. Qg5+ Qxg5 42. Nxg5 d5 43. Ke2 Kg6
44. Nf3 Kf5 45. Ke3 h5 46. Kd3 Kf4 0-1

[Event "Coppa del Mondo FIDE 2025"]
[Site "Goa"]
[Date "05.11.2025"]
[Round "1B"]
[White "Maghsoodloo, Parham"]
[Black "Motylev, Alexander"]
[Result "1-0"]
[WhiteElo "2697"]
[BlackElo "2586"]
[EventDate "2025.11.01"]
[EventType "k.o."]

1. d4 d5 2. Nf3 Nf6 3. Bf4 c5 4. e3 e6 5. Nbd2 Qb6 6. Rb1 Bd6 7. dxc5 Qxc5
8. Bg5 Be7 9. Bd3 Nc6 10. a3 a5 11. c4 dxc4 12. Nxc4 b5 13. Ncd2 Qb6 14.
Rc1 h6 15. Bxf6 Bxf6 16. Ne4 Be7 17. Nd6+ Bxd6 18. Be4 Bc5 19. Qc2 f5 20.
Bxc6+ Qxc6 21. Qxc5 Qxc5 22. Rxc5 b4 23. axb4 axb4 24. Kd2 O-O 25. Nd4 f4
26. exf4 Rxf4 27. Ke3 Rf7 28. f3 Rb7 29. Rhc1 Bd7 30. Rc7 Rba7 31. Ke4 Kf7
32. Nc6 Rxc7 33. Ne5+ Kf8 34. Rxc7 Be8 35. Rb7 Ra1 36. Kf4 Re1 37. Nd3 Rd1
38. Nc5 Re1 39. Rxb4 Bc6 40. h4 Ke7 41. Nd3 Re2 42. Rb6 g5+ 43. Kg3 Bd5 44.
h5 e5 45. Nf2 Be6 46. b4 Rd2 47. b5 Rd6 48. Ra6 Bc4 49. Ra7+ Kf8 50. Rb7
Bd5 51. Ne4 Re6 52. Rb8+ Kg7 53. b6 Bxe4 54. fxe4 Rf6 55. b7 Rb6 56. Kg4
1-0

[Event "Coppa del Mondo FIDE 2025"]
[Site "Goa"]
[Date "05.11.2025"]
[Round "1B"]
[White "Abasov, Nijat"]
[Black "Esipenko, Andrey"]
[Result "0-1"]
[WhiteElo "2587"]
[BlackElo "2693"]
[EventDate "2025.11.01"]
[EventType "k.o."]

1. e4 e5 2. Nf3 Nc6 3. Bc4 Nf6 4. Ng5 d5 5. exd5 Na5 6. Bb5+ c6 7. dxc6
bxc6 8. Bd3 Nd5 9. Nf3 Bd6 10. O-O O-O 11. Re1 f5 12. Nxe5 Qf6 13. Nf3 g5
14. c4 Nf4 15. Bf1 g4 16. c5 gxf3 17. cxd6 fxg2 18. Bxg2 Nd3 19. Re3 Ba6
20. Nc3 f4 21. Qg4+ Kh8 22. Re7 Rg8 23. Ne4 Qxe7 24. Qxg8+ Rxg8 25. dxe7 f3
26. e8=Q Rxe8 27. Bxf3 c5 28. Bg2 Nc6 29. b3 Nd4 30. Ba3 Nc2 31. Bxc5 Nxc5
32. Nxc5 Nxa1 33. Nxa6 Rd8 34. b4 Rxd2 35. a4 Rd4 36. a5 Nc2 37. Bf1 Nxb4
38. Nxb4 Rxb4 39. Kg2 Kg7 40. Kg3 Kg6 41. a6 Kg5 42. Be2 Ra4 43. Kg2 Kh4
44. Kf3 Kh3 45. Bb5 Rb4 46. Bd3 h5 0-1

[Event "Coppa del Mondo FIDE 2025"]
[Site "Goa"]
[Date "05.11.2025"]
[Round "1B"]
[White "Yakubboev, Nodirbek"]
[Black "Huschenbeth, Niclas"]
[Result "1-0"]
[WhiteElo "2689"]
[BlackElo "2587"]
[EventDate "2025.11.01"]
[EventType "k.o."]

1. d4 d5 2. Nf3 Nf6 3. Bf4 Bf5 4. c4 e6 5. Qb3 dxc4 6. Qxb7 Be4 7. Qxc7
Bb4+ 8. Nbd2 Qxc7 9. Bxc7 Ke7 10. e3 Rc8 11. Bg3 Nbd7 12. Be2 c3 13. bxc3
Bxc3 14. Rc1 a5 15. O-O Bd5 16. a4 Ne4 17. Nxe4 Bxe4 18. Bb5 f6 19. Rfd1
Nb6 20. Ne1 Bd5 21. Nd3 Bb3 22. Rf1 Nxa4 23. Nc5 Rxc5 24. dxc5 Bb4 25. Bd6+
Kf7 26. Bc4 Bxc4 27. Rxc4 Nc3 28. g4 Nb5 29. Bg3 e5 30. Rd1 Ke6 31. f4 Rc8
32. c6 Nd6 33. Rc2 g6 34. fxe5 fxe5 35. Be1 Nb5 36. Kf1 Nc7 37. Bxb4 axb4
38. Rcd2 Nb5 39. Rd5 Nc3 40. Rd6+ Ke7 41. Rd7+ Kf6 42. R1d6+ Kg5 43. Rxh7
b3 44. Rb7 Ne4 45. Re6 Kxg4 46. Rxe5 Kf3 47. Rf7+ Kxe3 48. Rfe7 Rf8+ 49.
Ke1 Rf4 50. Rxe4+ 1-0

[Event "Coppa del Mondo FIDE 2025"]
[Site "Goa"]
[Date "05.11.2025"]
[Round "1B"]
[White "Adly, Ahmed"]
[Black "Bluebaum, Matthias"]
[Result "1/2-1/2"]
[WhiteElo "2589"]
[BlackElo "2687"]
[EventDate "2025.11.01"]
[EventType "k.o."]

1. c4 e6 2. Nf3 d5 3. g3 Nf6 4. Bg2 Be7 5. O-O O-O 6. b3 c5 7. cxd5 Nxd5 8.
Bb2 Nc6 9. Qc1 b6 10. Na3 Bb7 11. Rd1 Rc8 12. e3 a6 13. Nc4 b5 14. Nce5
Nxe5 15. Nxe5 Qc7 16. d3 Nb6 17. e4 Rfd8 18. Ng4 Nd7 19. h4 h5 20. Qc3 f6
21. Ne3 Ne5 22. Qc2 Bd6 23. Qe2 Qf7 24. d4 cxd4 25. Bxd4 Bb8 26. a4 bxa4
27. bxa4 Qg6 28. Nf1 Qg4 29. Qe3 Bc6 30. Rdc1 Kh7 31. Ra3 Be8 32. Rxc8 Rxc8
33. Ra1 Rc4 34. Bb2 Bd6 35. Nh2 Qg6 36. Qe2 Rc6 37. a5 Bc7 38. Bd4 Kg8 39.
Bf1 Ng4 40. Nxg4 Qxg4 41. Qe3 e5 42. Bb6 Qc8 43. Rb1 Qb7 44. Qb3+ Bf7 45.
Qb4 Bd6 46. Qa4 Rc3 47. Rd1 Ra3 48. Qc2 Bb4 49. Rb1 Ra2 50. Qd3 Rd2 51. Qe3
Qe7 52. Ra1 Qb7 53. Rc1 Qd7 54. Rc7 Qa4 55. Kg2 Bxa5 56. Bxa5 Qxa5 57. Qa7
Qa2 58. Bc4 Rxf2+ 59. Qxf2 Bxc4 60. Qxa2 Bxa2 61. Rc3 Be6 62. Rc6 Bg4 63.
Rxa6 Kf7 64. Ra7+ Kf8 65. Kf2 Kg8 66. Ke3 Kf8 67. Kd3 Bf3 68. Ra2 Kf7 69.
Rf2 Bg4 70. Kc4 Be6+ 71. Kc5 Bg4 72. Kd6 Bh3 73. Rb2 Bg4 74. Rb7+ Kf8 75.
Rb8+ Kf7 76. Rb4 Kf8 77. Ra4 Kf7 78. Ra8 Bh3 1/2-1/2

[Event "Coppa del Mondo FIDE 2025"]
[Site "Goa"]
[Date "05.11.2025"]
[Round "1B"]
[White "Dubov, Daniil"]
[Black "Bai, Jinshi"]
[Result "1/2-1/2"]
[WhiteElo "2684"]
[BlackElo "2590"]
[EventDate "2025.11.01"]
[EventType "k.o."]

1. e4 e5 2. Nf3 Nf6 3. Nxe5 d6 4. Nf3 Nxe4 5. d4 d5 6. Bd3 Bf5 7. O-O Be7
8. Re1 O-O 9. Nbd2 Nd6 10. Nf1 Bg6 11. Bf4 Nd7 12. Ng3 Re8 13. Re2 Nf8 14.
Ne5 Bxd3 15. Qxd3 Ne6 16. Bd2 Bg5 17. Rae1 Bxd2 18. Qxd2 Qg5 19. Qxg5 Nxg5
20. Nd3 Rxe2 21. Nxe2 Re8 22. Nef4 Rxe1+ 23. Nxe1 c6 24. f3 Nf5 25. c3 Kf8
26. Kf2 Ke7 27. Ned3 f6 28. Ke2 Nd6 29. Nh5 Ne6 30. Nhf4 Nxf4+ 31. Nxf4
1/2-1/2

[Event "Coppa del Mondo FIDE 2025"]
[Site "Goa"]
[Date "05.11.2025"]
[Round "1B"]
[White "Woodward, Andy"]
[Black "Alekseenko, Kirill"]
[Result "0-1"]
[WhiteElo "2590"]
[BlackElo "2679"]
[EventDate "2025.11.01"]
[EventType "k.o."]

1. d4 Nf6 2. Nf3 e6 3. c4 b6 4. a3 Bb7 5. Nc3 d5 6. Qc2 a6 7. cxd5 exd5 8.
Bf4 Bd6 9. Bxd6 Qxd6 10. g3 O-O 11. Bg2 Nbd7 12. O-O Rfe8 13. Rac1 Re7 14.
e3 Rae8 15. Rfd1 Ne4 16. Nh4 Qe6 17. Qe2 Ndf6 18. Rc2 g6 19. Rdc1 c5 20.
dxc5 bxc5 21. Nf3 Nxc3 22. Rxc3 d4 23. Rxc5 dxe3 24. Qxe3 Qxe3 25. fxe3
Rxe3 26. R5c3 Re2 27. R3c2 Ng4 28. h3 Bxf3 29. Rxe2 Bxe2 30. hxg4 Bxg4 31.
Rc2 a5 32. Kf2 Rb8 33. Bd5 Bd1 34. Rd2 Bb3 35. Bc6 Kg7 36. Ke3 Kf6 37. a4
Bc4 38. Kd4 Rd8+ 39. Kc3 Rxd2 40. Kxd2 Ke5 41. Kc3 Kd6 42. Bf3 Kc5 43. g4
0-1

[Event "Coppa del Mondo FIDE 2025"]
[Site "Goa"]
[Date "05.11.2025"]
[Round "1B"]
[White "Bu, Xiangzhi"]
[Black "Yilmaz, Mustafa"]
[Result "1/2-1/2"]
[WhiteElo "2672"]
[BlackElo "2591"]
[EventDate "2025.11.01"]
[EventType "k.o."]

1. c4 e5 2. d3 Nf6 3. Nf3 Nc6 4. a3 d5 5. cxd5 Nxd5 6. e4 Nb6 7. Be2 Be7 8.
O-O O-O 9. Be3 f5 10. exf5 Bxf5 11. Nc3 Qd7 12. Rc1 Kh8 13. Ne4 Nd5 14. Re1
Nf4 15. Qb3 Nxe2+ 16. Rxe2 Rab8 17. Nfd2 Be6 18. Qc3 Rbd8 19. Bc5 Rfe8 20.
Bxe7 Qxe7 21. Re3 Nd4 22. Nf3 Bg4 23. Ned2 Bxf3 24. Nxf3 Nxf3+ 25. Rxf3 c6
26. Re1 h6 27. g3 Qd6 28. Re4 Re7 29. Rfe3 Qg6 30. Qc5 Qf6 31. f4 Rd5 32.
Qxa7 exf4 33. Qb8+ Kh7 34. Rxf4 Rxe3 35. Rxf6 gxf6 36. Qxb7+ Kg6 37. Qxc6
Rexd3 38. Qe8+ Kg7 39. Qe7+ Kg6 40. Qe8+ Kg7 41. Qe7+ Kg6 42. Qe4+ Kg7 43.
Qg4+ Kf7 44. Qc4 Rd4 45. Qb3 Rd3 46. Qc4 Rd4 47. Qc7+ Kg6 48. Qc2+ Kg7 49.
Qc7+ Kg6 50. Qc2+ 1/2-1/2

[Event "Coppa del Mondo FIDE 2025"]
[Site "Goa"]
[Date "05.11.2025"]
[Round "1B"]
[White "Cori, Jorge"]
[Black "Sargsyan, Shant"]
[Result "1/2-1/2"]
[WhiteElo "2594"]
[BlackElo "2667"]
[EventDate "2025.11.01"]
[EventType "k.o."]

1. c4 Nf6 2. Nf3 e6 3. g3 d5 4. Bg2 Be7 5. O-O O-O 6. d4 dxc4 7. Ne5 Nc6 8.
Bxc6 bxc6 9. Nxc6 Qe8 10. Nxe7+ Qxe7 11. Qa4 e5 12. dxe5 Qxe5 13. Qxc4 Be6
14. Qc2 Bf5 15. Qc4 Be6 16. Qc2 Bf5 17. Qc4 Be6 1/2-1/2

[Event "Coppa del Mondo FIDE 2025"]
[Site "Goa"]
[Date "05.11.2025"]
[Round "1B"]
[White "Leko, Peter"]
[Black "Cheng, Bobby"]
[Result "1-0"]
[WhiteElo "2666"]
[BlackElo "2596"]
[EventDate "2025.11.01"]
[EventType "k.o."]

1. e4 e5 2. Nf3 Nf6 3. Nxe5 d6 4. Nf3 Nxe4 5. Nc3 Nxc3 6. dxc3 Be7 7. Be3
Nd7 8. Qd2 O-O 9. O-O-O Nf6 10. Bd3 Re8 11. Rhe1 Bg4 12. Bg5 Qd7 13. a3 Bf5
14. Bh4 Bxd3 15. Qxd3 h6 16. c4 b6 17. h3 Rac8 18. Kb1 a5 19. Ka2 Bd8 20.
Nd4 Kf8 21. Nb5 Re6 22. f4 Be7 23. g4 Re8 24. g5 Ng8 25. Rxe6 fxe6 26. Rf1
Bd8 27. Nd4 g6 28. Qxg6 Qf7 29. Qd3 Qh5 30. Be1 hxg5 31. fxg5+ Ke7 32. h4
Kd7 33. Qe4 Kc8 34. Qa8+ Kd7 35. Qc6+ Kc8 36. Nb5 Kb8 37. Qd7 Ne7 38. Nd4
e5 39. Ne6 Qe2 40. Qxe8 Qxc4+ 41. Kb1 Qxf1 42. Qxd8+ Kb7 43. Qxe7 1-0

[Event "Coppa del Mondo FIDE 2025"]
[Site "Goa"]
[Date "05.11.2025"]
[Round "1B"]
[White "Meier, Georg"]
[Black "Murzin, Volodar"]
[Result "1/2-1/2"]
[WhiteElo "2596"]
[BlackElo "2664"]
[EventDate "2025.11.01"]
[EventType "k.o."]

1. c4 Nf6 2. Nc3 c5 3. g3 g6 4. Bg2 Bg7 5. Nf3 d6 6. d4 Nbd7 7. O-O O-O 8.
h3 Rb8 9. Be3 b6 10. a4 Bb7 11. d5 a6 12. Bg5 Re8 13. Qd2 Qc7 14. Rad1 b5
15. axb5 axb5 16. cxb5 Ra8 17. Rfe1 Nb6 18. e4 Nfd7 19. Bf1 Qb8 20. Bf4 Nf6
21. Bh6 Bh8 22. Bf4 Qa7 23. Bh6 Qa5 24. Qf4 Qb4 25. Rd2 Nfd7 26. h4 Bxc3
27. bxc3 Qxc3 28. h5 Ra4 29. Rd3 Qf6 30. Qc1 Nc4 31. Rb3 Nce5 32. Kg2 Qh8
33. Nd2 Rea8 34. f3 Qf6 35. hxg6 hxg6 36. Be3 Nb6 37. Be2 Ra2 38. Bf2 R8a4
39. Qc3 Ng4 40. Qxf6 exf6 41. Nb1 Nxf2 42. Kxf2 Ra8 43. Nc3 Rc2 44. Nd1 Kf8
45. Ne3 Rca2 46. g4 Ke7 47. Rh1 Bc8 48. Rh8 R8a7 49. Nc4 Nxc4 50. Rxc8 Rb7
51. Ke1 Nb6 52. Rc6 g5 53. Rb1 Ra8 54. Rc1 Ra2 55. Kd1 Nd7 56. Ra6 Rb2 57.
Rc2 Rb1+ 58. Rc1 Rb4 59. Rca1 c4 60. Ra7 R7xb5 61. Rc7 Rb7 62. Rxb7 Rxb7
63. Bxc4 Ne5 64. Be2 Ng6 65. Ra2 Nf4 66. Ke1 Ng6 67. Kf2 Ne5 68. Ke3 Kd7
69. Kf2 Rb6 70. Ra8 Ke7 71. Ra7+ Kf8 72. Ra8+ Ke7 73. Ra7+ Kd8 74. Ra8+ Kc7
75. Rh8 Rb2 76. Ke3 Kd7 77. Ra8 Rb1 78. Ra7+ Kc8 79. Kf2 Rh1 80. Kg2 Rc1
81. Kf2 Kb8 82. Ra6 Kc7 83. Ke3 Rc2 84. Ra7+ Kb6 85. Ra6+ Kc5 86. Ra5+ Kb6
87. Ra6+ Kc7 88. Ra7+ Kd8 89. Ra8+ Rc8 90. Ra7 Rc3+ 91. Kf2 Rb3 92. Bd1
Rb2+ 93. Be2 Kc8 94. Ke3 Rb3+ 95. Kf2 Kb8 96. Ra6 Kc7 97. Kg2 Ng6 98. Kf2
Nf4 99. Bf1 Rb1 100. Rc6+ Kd7 101. Ra6 Rb7 102. Ke3 Ke7 103. Kf2 Ng6 104.
Be2 Ne5 105. Ke3 Nd7 106. Rc6 Nc5 107. Kf2 Nd7 108. Ra6 Ne5 109. Ke3 Kd7
110. Kf2 Kc7 111. Ke3 Rb3+ 112. Kf2 Rb6 113. Ra7+ 1/2-1/2

[Event "Coppa del Mondo FIDE 2025"]
[Site "Goa"]
[Date "05.11.2025"]
[Round "1B"]
[White "Robson, Ray"]
[Black "Zemlyanskii, Ivan"]
[Result "1/2-1/2"]
[WhiteElo "2664"]
[BlackElo "2596"]
[EventDate "2025.11.01"]
[EventType "k.o."]

1. e4 c5 2. Nf3 e6 3. d4 cxd4 4. Nxd4 Nf6 5. Nc3 Nc6 6. Ndb5 d6 7. Bf4 e5
8. Bg5 a6 9. Na3 b5 10. Bxf6 gxf6 11. Nd5 f5 12. Bd3 Be6 13. O-O Bxd5 14.
exd5 Ne7 15. c4 e4 16. Be2 Bg7 17. Qd2 b4 18. Nc2 Bxb2 19. Rab1 Bc3 20. Qh6
Ng8 21. Qf4 Qf6 22. Nxb4 Be5 23. Qe3 Ne7 24. Nc6 Ng6 25. f4 exf3 26. Qxf3
f4 27. Kh1 O-O 28. Bd3 Rae8 29. Qh5 Bd4 30. g3 Be3 31. gxf4 Bc5 32. Qg5 Kg7
33. Qxf6+ Kxf6 34. Rbe1 Rxe1 35. Rxe1 Nxf4 36. Bxh7 Rh8 37. Bc2 Bf2 38. Rd1
Bg3 39. Rd2 Be1 40. Rd1 Bg3 41. Rd2 Be1 1/2-1/2

[Event "Coppa del Mondo FIDE 2025"]
[Site "Goa"]
[Date "05.11.2025"]
[Round "1B"]
[White "Iniyan, Pa"]
[Black "Nguyen, Thai Dai Van"]
[Result "0-1"]
[WhiteElo "2599"]
[BlackElo "2664"]
[EventDate "2025.11.01"]
[EventType "k.o."]

1. d4 d5 2. c4 c6 3. Nf3 Nf6 4. e3 a6 5. Nc3 e6 6. a3 Nbd7 7. Qc2 dxc4 8.
Bxc4 b5 9. Ba2 c5 10. dxc5 Nxc5 11. b4 Ncd7 12. Ne4 Bb7 13. Nxf6+ Nxf6 14.
Bb2 Rc8 15. Qe2 Bd6 16. O-O O-O 17. Ne5 Qe7 18. Rac1 Rfd8 19. h3 Ba8 20.
Bd4 Qb7 21. f3 Nd5 22. Nd3 Qe7 23. Qb2 Qg5 24. f4 Qg3 25. Rxc8 Rxc8 26. Rf3
Qg6 27. Bb1 Nc3 28. f5 exf5 29. Ne5 Bxe5 30. Bxf5 Qg5 31. h4 Qxh4 32. Bxe5
Bxf3 33. Bxc8 Ne2+ 34. Kf1 Qh1+ 35. Kf2 Qxg2+ 36. Ke1 Qg1+ 37. Kd2 Qf2 38.
Kd3 Bh5 39. Qd2 Bg6+ 40. e4 Qf3+ 41. Qe3 Nc1+ 0-1

[Event "Coppa del Mondo FIDE 2025"]
[Site "Goa"]
[Date "05.11.2025"]
[Round "1B"]
[White "Karthikeyan, Murali"]
[Black "Idani, Pouya"]
[Result "1/2-1/2"]
[WhiteElo "2669"]
[BlackElo "2601"]
[EventDate "2025.11.01"]
[EventType "k.o."]

1. e4 c5 2. Nf3 d6 3. d4 cxd4 4. Nxd4 Nf6 5. Nc3 a6 6. f3 e5 7. Nb3 Be6 8.
Be3 Nbd7 9. Qd2 Qc7 10. g4 h6 11. O-O-O b5 12. Kb1 Nb6 13. Qf2 Rb8 14. h4
Be7 15. Bd3 Na4 16. Ne2 d5 17. Ng3 dxe4 18. Nxe4 Nd5 19. g5 Nxe3 20. Qxe3
Rc8 21. Rhg1 hxg5 22. hxg5 Nb6 23. Rh1 Rxh1 24. Rxh1 Nd5 25. Qd2 Qb6 26. g6
f6 27. Ng3 Bf8 28. Nf5 Rd8 29. Qe1 Nf4 30. Be4 Qc7 31. Ne3 Qd7 32. Rh8 Qd6
33. a3 Rd7 34. Rh2 Qb6 35. Rh8 Qd6 36. Rh2 Qb6 37. Rh1 Rc7 38. Rh8 Qd6 39.
Nf5 Bxf5 40. Bxf5 Ke7 41. Nd2 Qd4 42. Ne4 Rxc2 43. Nc3 Rg2 44. Rh1 Nd3 45.
Bxd3 Qxd3+ 46. Ka1 Qc2 47. Nd1 Qc1+ 48. Ka2 Qc4+ 49. Ka1 Qc1+ 50. Ka2 Rd2
51. f4 Qc4+ 52. Ka1 Qc1+ 53. Ka2 Qc4+ 54. Ka1 Qc1+ 55. Ka2 1/2-1/2

[Event "Coppa del Mondo FIDE 2025"]
[Site "Goa"]
[Date "05.11.2025"]
[Round "1B"]
[White "Daneshvar, Bardiya"]
[Black "Saric, Ivan"]
[Result "1/2-1/2"]
[WhiteElo "2598"]
[BlackElo "2655"]
[EventDate "2025.11.01"]
[EventType "k.o."]

1. e4 e5 2. Nf3 Nf6 3. Nxe5 d6 4. Nc4 Nxe4 5. Qe2 Qe7 6. Ne3 Nc6 7. Nc3 Nf6
8. b4 a6 9. Ncd5 Nxd5 10. Nxd5 Qxe2+ 11. Bxe2 Kd8 12. c3 Ne7 13. Nf4 c6 14.
c4 g6 15. Bb2 Rg8 16. d3 Bh6 17. g3 a5 18. b5 cxb5 19. cxb5 Bxf4 20. gxf4
Nd5 21. Bf3 Be6 22. Kd2 Kd7 23. Bd4 a4 24. a3 Rab8 25. Rac1 Nxf4 26. Ba7
Ra8 27. Bb6 Nd5 28. Bxd5 Bxd5 29. Rc7+ Ke6 30. Re1+ Kf5 31. Rd7 Rge8 32.
Rxe8 Rxe8 33. Rxd6 Bb3 34. Bd4 Re7 35. Bc5 Re5 36. d4 Rd5 37. Rxd5+ 1/2-1/2

[Event "Coppa del Mondo FIDE 2025"]
[Site "Goa"]
[Date "05.11.2025"]
[Round "1B"]
[White "Sarana, Alexey"]
[Black "Henriquez Villagra, Cristobal"]
[Result "1-0"]
[WhiteElo "2686"]
[BlackElo "2594"]
[EventDate "2025.11.01"]
[EventType "k.o."]

1. d4 Nf6 2. c4 e6 3. Nc3 d5 4. cxd5 exd5 5. Bg5 Be6 6. e3 c6 7. Bd3 Nbd7
8. f3 Be7 9. Nge2 Nh5 10. Bxe7 Qxe7 11. O-O g6 12. Qd2 O-O 13. Rae1 Rad8
14. Bb1 Nb6 15. Nc1 Nc4 16. Qf2 b6 17. Nd3 Qd6 18. Bc2 Bc8 19. Rd1 Ba6 20.
Rfe1 Ng7 21. Bb3 Na5 22. Ba4 Ne6 23. Ne5 b5 24. Bc2 b4 25. Ne2 Nc4 26. Nxc4
dxc4 27. Ba4 f5 28. a3 bxa3 29. bxa3 Bb5 30. Nc3 a6 31. Qb2 f4 32. Ne4 Qd5
33. Bc2 a5 34. Nc3 Qd7 35. d5 Nc7 36. d6 Ne6 37. a4 Ba6 38. Ne4 Qg7 39. Qb6
Qb7 40. Qxa5 fxe3 41. Qe5 1-0

[Event "Coppa del Mondo FIDE 2025"]
[Site "Goa"]
[Date "05.11.2025"]
[Round "1B"]
[White "Dardha, Daniel"]
[Black "Oparin, Grigoriy"]
[Result "1/2-1/2"]
[WhiteElo "2624"]
[BlackElo "2660"]
[EventDate "2025.11.01"]
[EventType "k.o."]

1. e4 c5 2. c3 Nf6 3. e5 Nd5 4. d4 cxd4 5. Nf3 Nc6 6. cxd4 d6 7. Bc4 dxe5
8. dxe5 Be6 9. O-O Nc7 10. Qe2 Bxc4 11. Qxc4 g6 12. Nc3 Bg7 13. Rd1 Qc8 14.
Bf4 O-O 15. h3 Qe6 16. Qe4 Rfd8 17. g4 h6 18. b3 Rac8 19. Rac1 Na6 20. Qe3
Nab4 21. Bxh6 Nxe5 22. Rxd8+ Rxd8 23. Bxg7 Nxf3+ 24. Qxf3 Kxg7 25. Qe4 Qxe4
26. Nxe4 Rd4 27. Ng5 Rd5 28. h4 f6 29. Ne4 Rd4 30. f3 Nd5 31. Kf2 f5 32.
Ng5 Kf6 33. Nh7+ Ke5 34. Re1+ Kf4 35. Nf8 Rd2+ 36. Re2 Rxe2+ 37. Kxe2 fxg4
38. Nxg6+ Kf5 39. h5 gxf3+ 40. Kxf3 Kg5 1/2-1/2

[Event "Coppa del Mondo FIDE 2025"]
[Site "Goa"]
[Date "05.11.2025"]
[Round "1B"]
[White "Christiansen, Johan-Sebastian"]
[Black "Najer, Evgeniy"]
[Result "1/2-1/2"]
[WhiteElo "2661"]
[BlackElo "2613"]
[EventDate "2025.11.01"]
[EventType "k.o."]

1. e4 e5 2. Nc3 Nf6 3. f4 d5 4. fxe5 Nxe4 5. Nf3 Be7 6. Qe2 Ng5 7. d4 Nxf3+
8. Qxf3 Be6 9. Bd3 Nc6 10. Be3 Nb4 11. Bb5+ c6 12. Ba4 O-O 13. a3 Na6 14.
O-O f6 15. Qg3 fxe5 16. Bh6 Rxf1+ 17. Rxf1 Bf8 18. Qxe5 Qd7 19. Qg3 Bd6 20.
Bf4 Bc7 21. Bxc7 Nxc7 22. Ne2 Ne8 23. Nf4 Nd6 24. Bb3 Bf5 25. c3 Re8 26.
Re1 Rxe1+ 27. Qxe1 Be4 28. h3 Qf7 29. Qe3 h6 30. a4 a5 31. Ne2 Qf6 32. Ng3
Bg6 33. Nf1 Kh7 34. Nd2 Qf5 35. Kh2 Qd3 36. Qf4 Qe2 37. Kg1 Qe1+ 38. Nf1
Bd3 39. Qf3 Qb1 40. Ba2 Qc2 41. Bb3 Qb1 42. Ba2 Qc2 43. Bb3 Qb1 1/2-1/2

[Event "Coppa del Mondo FIDE 2025"]
[Site "Goa"]
[Date "05.11.2025"]
[Round "1B"]
[White "Grebnev, Aleksey"]
[Black "Navara, David"]
[Result "1-0"]
[WhiteElo "2611"]
[BlackElo "2656"]
[EventDate "2025.11.01"]
[EventType "k.o."]

1. e4 e5 2. Nf3 Nc6 3. Bc4 Bc5 4. c3 Nf6 5. d3 d6 6. O-O a6 7. a4 h6 8. Re1
O-O 9. h3 Re8 10. Nbd2 Be6 11. Bxe6 Rxe6 12. b4 Ba7 13. Bb2 Ne7 14. Nf1 Ng6
15. Ng3 Nh7 16. Bc1 Ng5 17. Nxg5 hxg5 18. Be3 Nf4 19. Bxa7 Rxa7 20. Nf5 g6
21. Ne3 Ra8 22. g3 Nh5 23. Qg4 c6 24. c4 Ng7 25. Kg2 a5 26. bxa5 Re8 27.
Reb1 Qe7 28. Rh1 Ne6 29. h4 Kg7 30. Nf5+ gxf5 31. exf5 f6 32. fxe6 Qxe6 33.
Qxe6 Rxe6 34. hxg5 fxg5 35. Rab1 Re7 36. Rh5 Rxa5 37. Rxg5+ Kf7 38. Rh5
Rxa4 39. Rh7+ Kf8 40. Rxe7 Kxe7 41. Rxb7+ Ke6 42. Kf3 Ra3 43. Ke3 d5 44.
Rb6 Kf5 45. Rxc6 e4 46. Rc5 Rxd3+ 47. Ke2 Rc3 48. Rxd5+ Ke6 49. Rc5 Kd6 50.
Rc8 Kd7 51. Rf8 Kd6 52. Rd8+ Ke5 53. Rc8 Kd6 54. c5+ Kd7 55. Rh8 Ke6 56. c6
Kd5 57. Rc8 Rc2+ 58. Ke3 Rc3+ 59. Kd2 Ra3 60. c7 e3+ 61. Ke2 Kd6 62. Re8
Ra2+ 63. Kxe3 Ra4 64. c8=Q Re4+ 65. Rxe4 1-0

[Event "Coppa del Mondo FIDE 2025"]
[Site "Goa"]
[Date "05.11.2025"]
[Round "1B"]
[White "Mamedov, Rauf"]
[Black "Svane, Rasmus"]
[Result "1/2-1/2"]
[WhiteElo "2651"]
[BlackElo "2620"]
[EventDate "2025.11.01"]
[EventType "k.o."]

1. e4 e5 2. Nf3 Nc6 3. Bc4 Nf6 4. d3 Bc5 5. c3 a5 6. O-O d6 7. Re1 O-O 8.
h3 Ba7 9. Na3 h6 10. Nb5 Bb6 11. Be3 Bxe3 12. Rxe3 Re8 13. Qc2 Na7 14. Nxa7
Rxa7 15. d4 c6 16. a4 Qc7 17. Rd1 Be6 18. Bxe6 Rxe6 19. c4 b6 20. c5 bxc5
21. dxe5 dxe5 22. Qxc5 Rb7 23. b3 Rb4 24. Rde1 Nd7 25. Qc2 c5 26. Nd2 Nb6
27. Rc3 c4 28. Nxc4 Rc6 29. Rc1 Nxc4 30. Rxc4 Rcxc4 31. bxc4 Qc6 32. Qd3
Rxa4 33. Qd5 Qc7 34. c5 1/2-1/2

[Event "Coppa del Mondo FIDE 2025"]
[Site "Goa"]
[Date "05.11.2025"]
[Round "1B"]
[White "Suleymanli, Aydin"]
[Black "Deac, Bogdan-Daniel"]
[Result "1/2-1/2"]
[WhiteElo "2602"]
[BlackElo "2674"]
[EventDate "2025.11.01"]
[EventType "k.o."]

1. e4 e5 2. Nf3 Nc6 3. Bc4 Nf6 4. d3 d5 5. exd5 Nxd5 6. O-O Be7 7. Re1 f6
8. d4 Nb6 9. Bb3 a5 10. c3 a4 11. Bc2 Bg4 12. h3 Bh5 13. dxe5 Qxd1 14. Bxd1
Nxe5 15. Nxe5 Bxd1 16. Rxd1 fxe5 17. Re1 Ra5 18. Nd2 O-O 19. Nf3 Bd6 20.
Rb1 Rfa8 21. Re4 Rc5 22. Be3 Rc4 23. Nd2 Rxe4 24. Nxe4 Nc4 25. Bc5 Bxc5 26.
Nxc5 Ra5 27. Ne4 Rd5 28. b3 axb3 29. axb3 Nd2 30. Nxd2 Rxd2 31. Re1 Rd3 32.
Re3 Rd1+ 33. Kh2 Rb1 1/2-1/2

[Event "Coppa del Mondo FIDE 2025"]
[Site "Goa"]
[Date "05.11.2025"]
[Round "1B"]
[White "Shankland, Sam"]
[Black "Ivanchuk, Vasyl"]
[Result "1-0"]
[WhiteElo "2670"]
[BlackElo "2608"]
[EventDate "2025.11.01"]
[EventType "k.o."]

1. e4 e5 2. Nf3 Nc6 3. Nc3 Nf6 4. d4 exd4 5. Nxd4 Bc5 6. Be3 Bb6 7. Nxc6
bxc6 8. e5 Bxe3 9. fxe3 Nd5 10. Qd4 O-O 11. O-O-O Nxc3 12. Qxc3 Qe7 13. Bc4
d5 14. exd6 cxd6 15. Bb3 c5 16. Rd2 Rb8 17. Rf1 Kh8 18. Rf4 f6 19. Bd5 Rb6
20. Re4 Qd8 21. b3 Re8 22. Rxe8+ Qxe8 23. Rf2 Be6 24. Rd2 Bf5 25. e4 Bd7
26. h3 Qe7 27. Rf2 Rb8 28. Qa5 Be8 29. Kb1 h6 30. Rd2 Rb6 31. Qc3 Bg6 32.
g4 Rb8 33. h4 Rf8 34. a4 Rb8 35. Ka2 Rb4 36. Qg3 Kh7 37. h5 Be8 38. Bc4 Bf7
39. Bxf7 Qxf7 40. c4 Qb7 41. Rxd6 Qxe4 42. Qd3 Qxd3 43. Rxd3 Rb7 44. Rd5
Rc7 45. a5 Kg8 46. Ka3 Kf7 47. Ka4 Ke6 48. Kb5 Rb7+ 49. Kxc5 Rxb3 50. Rd6+
1-0